000 01708nam0a22002651 4500
001 rc\676692
005 20260407184047.0
035 _a(NLR Aleph) 005914452
090 _a6410966
_c6410966
100 _a20031121d1986 |||y0rusy50 ca
101 0 _arus
102 _aRU
105 _ay |||||||||
200 1 _aМатериалы межотраслевого совещания "О ходе освоения мощностей электросталеплавильных цехов Минчермета СССР, введенных в 1977-1984 гг., и задачах по созданию электросталеплавильных комплексов производительностью 400-500 тыс. т. стали с год" (г. Бекабад, 1985 г.)
210 _aМ.
_cЧерметинформация
_d1986
215 _a58 с.
_d20
300 _aВ надзаг.: М-во чер. металлургии СССР, ЦНИИ информ. и техн.-экон. исслед. чер. металлургии
333 _aДСП. Экз. № 00005
710 1 2 _a"О ходе освоения мощностей электросталеплавильных цехов Минчермета СССР, внедренных в 1977-1984 годах, и задачах по созданию электросталеплавильных комплексов производительностью 400-500 тысяч тонн стали в год", межотраслевое совещание
_f1985
_eБекабад
_3RU\NLR\AUTH\8810119888
_9738284
801 0 _aRU
_bNLR
_gpsbo
801 1 _aRU
_bELAR
_2rusmarc
852 _aNLR
_j86-50К/10317
942 _cBOOK
980 _aNB